000 00267nam a22001097a 4500
082 _a954.91 SHA'M
100 _aSHAFIQ, BARAILVI
_976050
245 _aMUHAMMAD BIN QASIM SAY MUHAMMAD ALI JINNAH TAK
260 _aKARACHI
_bNAFEES
_c1980
300 _a168P
942 _cBK
999 _c581453
_d581453